000 00829nam a2200229Ia 4500
003 OSt
005 20220923221548.0
006 a|||||r|||| 00| 0
007 ta
008 220922b |||||||| |||| 00| 0 hin d
024 _a198,240
037 _cTextual
040 _aARTS
_cARTS
_bhin
041 _2hin
_ahin
082 _aP152.C3:3, 152L4
100 _aरेड्डी, जी0 सुन्दर
_9165458
245 0 _aहिन्दी तथा द्रविड़ भाषाओें के समानरुपी भिन्नार्थी शब्द
246 _aHindī tathā draviड़ bhāṣhāoean ke samānarupī bhinnārthī shabda
260 _c1974
942 _hP152.C3:3, 152L4
_cTEXL
_2CC
999 _c350086
_d350086